00385nam a2200121 a 45000010005000000030005000050050017000100080041000270400020000682450095000882600046001834900034002295548CDMR20130116135310.0130130s1981||||||||||||||||||||||||||||d aCDMRbcatcCDMR 0aSelecció d'informacions aparegudes a la premsa sobre premsa comarcal ... ràdios ... TV aBarcelonac1981bDiputació de Barcelona0 aCol.lecció Comunicacióv4